The symbol detective (Record no. 72177)

MARC details
000 -LEADER
fixed length control field 00570nam a2200193Ia 4500
008 - FIXED-LENGTH DATA ELEMENTS--GENERAL INFORMATION
fixed length control field 191130s2008##################000#0#eng##
020 ## - INTERNATIONAL STANDARD BOOK NUMBER
ISBN 9781844835829
082 ## - DEWEY DECIMAL CLASSIFICATION NUMBER
Classification number 302.2223 ALL
100 ## - MAIN ENTRY--AUTHOR NAME
Personal name Allan, Tony
245 ## - TITLE STATEMENT
Title The symbol detective
Statement of responsibility, etc Tony Allan
260 ## - PUBLICATION, DISTRIBUTION, ETC. (IMPRINT)
Place of publication London
Name of publisher Duncan Baird Publishers
Year of publication 2008
300 ## - PHYSICAL DESCRIPTION
Number of Pages 160 p. 12 cm
500 ## - GENERAL NOTE
General note Includes bibliographical references and index
650 ## - SUBJECT ADDED ENTRY--TOPICAL TERM
Topical Term Signs and symbols -- Handbooks, manuals, etc
991 ## -
-- 218296
Holdings
Withdrawn status Lost status Damaged status Not for loan Home library Current library Date acquired Full call number Accession Number Price effective from Koha item type
        Anna Centenary Library Anna Centenary Library 09.10.2020 302.2223 ALL 310406 09.10.2020 English Books

Find us on the map